[Event "LSS RN-2008-0-00174"]
[Site "LSS email"]
[Date "2009.01.19"]
[Round "?"]
[White "Shikhalev, I Dmitry"]
[Black "Caudill, Tommy A"]
[Result "0-1"]
[WhiteElo "800"]
[BlackElo "877"]
[PlyCount "33"]
[EventDate "2009.01.12"]
[EventType "tourn (corr)"]
[EventRounds "6"]
[EventCountry "GER"]
[SourceTitle "Corr 2011"]
[Source "ChessBase"]
[SourceDate "2010.08.31"]
[SourceVersion "1"]
[SourceVersionDate "2010.08.31"]
[SourceQuality "1"]

1. e4 c6 2. d4 d5 3. e5 Bf5 4. Nc3 e6 5. Nf3 Bb4 6. Bd2 Nd7 7. Bd3 Bxd3 8. cxd3 Ne7 9. 0-0 0-0 10. a3 Ba5 11. b4 Bb6 12. a4 Nf5 13. a5 Bxd4 14. Nxd4 Nxd4 15. Qg4 Nf5 16. b5 Nxe5 17. Qd4 0-1

[Event "LSS RN-2008-0-00174"]
[Site "LSS email"]
[Date "2009.01.18"]
[Round "?"]
[White "Boden, Daniel"]
[Black "Shikhalev, I Dmitry"]
[Result "1-0"]
[WhiteElo "1022"]
[BlackElo "800"]
[PlyCount "111"]
[EventDate "2009.01.12"]
[EventType "tourn (corr)"]
[EventRounds "6"]
[EventCountry "GER"]
[SourceTitle "Corr 2011"]
[Source "ChessBase"]
[SourceDate "2010.08.31"]
[SourceVersion "1"]
[SourceVersionDate "2010.08.31"]
[SourceQuality "1"]

1. e4 e5 2. Nf3 Nc6 3. Bb5 d6 4. 0-0 Nf6 5. Re1 Bd7 6. d4 exd4 7. Nxd4 Nxd4 8. Bxd7+ Qxd7 9. Qxd4 Be7 10. e5 dxe5 11. Qxe5 0-0 12. Bf4 Bd6 13. Qg5 Rfe8 14. Nc3 Bxf4 15. Qxf4 Nh5 16. Qg5 g6 17. Red1 Qc6 18. Qd5 Qb6 19. Qb5 Qxb5 20. Nxb5 Re7 21. Rd2 c6 22. Nc3 Rae8 23. g3 b5 24. Kg2 a5 25. Rad1 b4 26. Na4 Nf6 27. Rd6 Re6 28. Nc5 Ne4 29. Nxe4 Rxe4 30. Rxc6 a4 31. Ra6 b3 32. cxb3 axb3 33. axb3 Rb4 34. Rd3 Reb8 35. Ra3 Kg7 36. f4 h5 37. Kf3 Kf6 38. h3 Ke6 39. Ke3 f5 40. Kd2 R8b7 41. Kc2 R7b6 42. Ra8 Kf6 43. Rc8 g5 44. fxg5+ Kxg5 45. Rc4 R4b5 46. h4+ Kg6 47. Rc8 Rb4 48. Rg8+ Kf7 49. Rg5 f4 50. Rf5+ Kg6 51. Rxf4 Rxf4 52. gxf4 Kf5 53. Kc3 Kxf4 54. Rd4+ Kg3 55. b4 Rf6 56. b5 1-0

[Event "LSS RN-2008-0-00174"]
[Site "LSS email"]
[Date "2009.01.18"]
[Round "?"]
[White "Shikhalev, I Dmitry"]
[Black "McGuire, Paul"]
[Result "1-0"]
[WhiteElo "800"]
[BlackElo "637"]
[PlyCount "45"]
[EventDate "2009.01.12"]
[EventType "tourn (corr)"]
[EventRounds "6"]
[EventCountry "GER"]
[SourceTitle "Corr 2011"]
[Source "ChessBase"]
[SourceDate "2010.08.31"]
[SourceVersion "1"]
[SourceVersionDate "2010.08.31"]
[SourceQuality "1"]

1. e4 e5 2. Nf3 d6 3. Nc3 Nc6 4. Bb5 Bd7 5. 0-0 Nf6 6. d3 Be7 7. Be3 0-0 8. Bxc6 bxc6 9. d4 exd4 10. Nxd4 c5 11. Nf5 Bxf5 12. exf5 Rb8 13. b3 c6 14. a4 Qd7 15. Qf3 d5 16. Bf4 Rb7 17. a5 a6 18. Na4 Qxf5 19. Be3 Qxc2 20. Rfc1 Qxb3 21. Bxc5 Bxc5 22. Qxb3 Rxb3 23. Nxc5 1-0

[Event "LSS OP-2008-0-00676"]
[Site "LSS email"]
[Date "2008.11.14"]
[Round "?"]
[White "Shikhalev, I Dmitry"]
[Black "Verhaeren, Gertjan"]
[Result "0-1"]
[WhiteElo "800"]
[BlackElo "1438"]
[PlyCount "36"]
[EventDate "2008.11.11"]
[EventType "tourn (corr)"]
[EventRounds "4"]
[EventCountry "GER"]
[SourceTitle "Corr 2011"]
[Source "ChessBase"]
[SourceDate "2010.08.31"]
[SourceVersion "1"]
[SourceVersionDate "2010.08.31"]
[SourceQuality "1"]

1. e4 e5 2. Bc4 Nc6 3. Nf3 Nf6 4. d3 Be7 5. 0-0 0-0 6. Nc3 d6 7. h3 h6 8. a3 a6 9. d4 exd4 10. Nxd4 Nxd4 11. Qxd4 Nd7 12. Bf4 Bf6 13. Qe3 Re8 14. Nd5 Bxb2 15. Ra2 Be5 16. Qg3 c6 17. Bxe5 Nxe5 18. Nf4 Nxc4 0-1